Statistics for Five Most Populous Capitals by Continent

Click here to take the quiz!

General Stats

  • This quiz has been taken 232 times
    (218 since last reset)
  • The average score is 26 of 30

Answer Stats

ContinentHintAnswer% Correct
Africa21,500,000Cairo
98%
Europe14,800,000London
97%
North America24,500,000Mexico City
97%
Europe17,400,000Moscow
97%
Europe11,400,000Paris
97%
Asia40,500,000Tokyo
97%
North America8,550,000Washington, D.C.
97%
Europe6,700,000Madrid
96%
Europe4,750,000Berlin
95%
Oceania462,000Canberra
95%
Asia32,100,000Jakarta
95%
Asia31,300,000New Delhi/Delhi
94%
Oceania215,000Wellington
94%
South America16,600,000Buenos Aires
93%
South America4,050,000Brasilia
92%
South America11,100,000Lima
92%
South America9,800,000Bogota
91%
South America7,800,000Santiago
91%
Africa13,900,000Kinshasa
89%
North America3,200,000Guatemala City
86%
Asia25,000,000Seoul
86%
Asia26,300,000Manila
84%
North America4,000,000Santo Domingo
82%
Oceania364,000Port Moresby
78%
North America3,325,000Port-au-Prince
77%
Africa14,200,000Pretoria/Johannesburg
77%
Africa8,450,000Luanda
70%
Africa6,500,000Khartoum
67%
Oceania87,000Suva
61%
Oceania84,000Honiara
54%

Score Distribution

Percentile by Number Answered

Percent of People with Each Score

Your Score History

You have not taken this quiz since the last reset